Millionenstädte, die mit D beginnen - Statistiken

Allgemein
  • Dieses Quiz wurde 71 mal gespielt
  • Das Durchschnittsergebnis liegt bei 5 aus 11
Antwortstatistiken
Einwohner in Mio. (ca.) Land Millionenstadt % Korrekt
3,90 Vereinigte Arabische Emirate Dubai
89%
1,83 Syrien Damaskus
86%
10,93 Indien Delhi
83%
10,30 Bangladesch Dhaka
73%
1,60 Südafrika Durban
52%
5,38 Tansania Dar es Salaam
48%
1,01 Ukraine Dnipro
41%
2,40 Südkorea Daegu
30%
4,09 China Dalian
25%
1,80 Philippinen Davao
13%
10,46 China Dongguan
10%
Keine übereinstimmenden Quizze gefunden
Verteilung der Resultate
Anzahl Personen mit jedem Resultat
Perzentil nach korrekt beantworteten Fragen
Ihre Resultats-Entwicklung
Sie haben dieses Quiz noch nicht gespielt